Power electronics : converters, applications, and design (3rd Edition) (Record no. 82093)

MARC details
000 -LEADER
fixed length control field 01900nam a2200313 a 4500
008 - FIXED-LENGTH DATA ELEMENTS--GENERAL INFORMATION
fixed length control field 190808s2003 ||||||||||||||||| || u
020 ## - INTERNATIONAL STANDARD BOOK NUMBER
International Standard Book Number 9780471226932
050 ## - LIBRARY OF CONGRESS CALL NUMBER
Classification number TK 7881.15 Moh
100 ## - MAIN ENTRY--PERSONAL NAME
Personal name Undeland, Tore M
245 10 - TITLE STATEMENT
Title Power electronics : converters, applications, and design (3rd Edition)
Statement of responsibility, etc. By Ned Mohan ;Tore M. Undeland ; William P. Robbins.
250 ## - EDITION STATEMENT
Edition statement 3rd edition
260 ## - PUBLICATION, DISTRIBUTION, ETC.
Place of publication, distribution, etc. Hoboken, NJ
Name of publisher, distributor, etc. John Wiley & Sons, Inc
Date of publication, distribution, etc. 2003
300 ## - PHYSICAL DESCRIPTION
Extent xvii, 802 pages : illustration
350 ## -
-- 81.15
500 ## - GENERAL NOTE
General note Includes bibliographical references and index. Accompanied by 1 CR-ROM (4 3/4 in.) System requirements for accompanying CD-ROM: Windows 98 and Windows 2000.
650 #0 - SUBJECT ADDED ENTRY--TOPICAL TERM
Topical term or geographic name entry element POWER SEMICONDUCTORS
650 #0 - SUBJECT ADDED ENTRY--TOPICAL TERM
Topical term or geographic name entry element ELECTRIC CURRENT CONVERTERS
650 #0 - SUBJECT ADDED ENTRY--TOPICAL TERM
Topical term or geographic name entry element POWER ELECTRONICS
700 ## - ADDED ENTRY--PERSONAL NAME
Personal name Mohan, Ned
700 ## - ADDED ENTRY--PERSONAL NAME
Personal name Robbins, William P
856 ## - ELECTRONIC LOCATION AND ACCESS
Uniform Resource Identifier http://www.loc.gov/catdir/bios/wiley042/2002032393.html
856 ## - ELECTRONIC LOCATION AND ACCESS
Uniform Resource Identifier http://www.loc.gov/catdir/toc/wiley031/2002032393.html
856 ## - ELECTRONIC LOCATION AND ACCESS
Uniform Resource Identifier http://www.loc.gov/catdir/description/wiley035/2002032393.html
995 ## -
-- MAIN LIBRARY OPEN ACCESS
-- 749521
-- CBU-MAIN LIBRARY (Kitwe)
-- 81.15
-- TK 7881.15 Moh
-- 4
-- AVAILABLE
-- Aug 8, 2019
-- 749521
-- Main Library Open Access Collection
995 ## -
-- MAIN LIBRARY OPEN ACCESS
-- 749518
-- CBU-MAIN LIBRARY (Kitwe)
-- 81.15
-- TK 7881.15 Moh
-- 1
-- AVAILABLE
-- Aug 8, 2019
-- 749518
-- Main Library Open Access Collection
995 ## -
-- MAIN LIBRARY OPEN ACCESS
-- 749519
-- CBU-MAIN LIBRARY (Kitwe)
-- 81.15
-- TK 7881.15 Moh
-- 2
-- AVAILABLE
-- Aug 8, 2019
-- 749519
-- Main Library Open Access Collection
995 ## -
-- SHORT LOAN BOOKS
-- 750089
-- CBU-MAIN LIBRARY (Kitwe)
-- 81.15
-- TK 7881.15 Moh
-- 5
-- AVAILABLE
-- Nov 25, 2019
-- 750089
-- Short Loan Collection
995 ## -
-- MAIN LIBRARY OPEN ACCESS
-- 749520
-- CBU-MAIN LIBRARY (Kitwe)
-- 81.15
-- TK 7881.15 Moh
-- 3
-- AVAILABLE
-- Aug 8, 2019
-- 749520
-- Main Library Open Access Collection
999 ## -
-- 82093
-- 82093
Holdings
Withdrawn status Lost status Source of classification or shelving scheme Damaged status Not for loan Permanent Location Current Location Shelving location Date acquired Total Checkouts Full call number Barcode Date last seen Copy number Price effective from Koha item type Date last checked out
          CBU-MAIN LIBRARY, KITWE. CBU-MAIN LIBRARY, KITWE.   09/12/2023   TK 7881.15 Moh 749521 09/12/2023 1 09/12/2023 MONOGRAPH  
          CBU-MAIN LIBRARY, KITWE. CBU-MAIN LIBRARY, KITWE.   09/12/2023   TK 7881.15 Moh 749518 09/12/2023 2 09/12/2023 MONOGRAPH  
          CBU-MAIN LIBRARY, KITWE. CBU-MAIN LIBRARY, KITWE.   09/12/2023   TK 7881.15 Moh 749519 09/12/2023 3 09/12/2023 MONOGRAPH  
          CBU-MAIN LIBRARY, KITWE. CBU-MAIN LIBRARY, KITWE.   09/12/2023   TK 7881.15 Moh 750089 09/12/2023 4 09/12/2023 SHORT LOAN COLLECTION  
          CBU-MAIN LIBRARY, KITWE. CBU-MAIN LIBRARY, KITWE.   09/12/2023 1 TK 7881.15 Moh 749520 06/14/2024 5 09/12/2023 MONOGRAPH 06/10/2024